|
|
|
|
| LEADER |
00000nab a2200000 a 4500 |
| 001 |
vtls011117929 |
| 003 |
SK-MaSNL |
| 005 |
20260303145323.0 |
| 008 |
230222|2011 xo |||||||||||||||||slo| |
| 015 |
|
|
|a SNBRB
|
| 035 |
|
|
|a (uuid)b26c030d-7403-46c2-9ca8-eee79509c76d
|
| 035 |
|
|
|a (urnnbn)urn:nbn:sk:snk:ar-a08m6b
|
| 035 |
|
|
|a urn:nbn:sk:snk-ab9o92
|
| 040 |
|
|
|a SNKBUCL
|b slo
|c SNKBUCL
|e AACR2
|
| 041 |
0 |
|
|a slo
|
| 044 |
|
|
|a xo
|c SK
|
| 100 |
1 |
|
|a Čuchran, Jozef
|4 aut
|9 819912
|
| 245 |
1 |
0 |
|a METÓDY TRIBOTECHNICKEJ DIAGNOSTIKY PRE HODNOTENIE POUŽITÝCH MOTOROVÝCH OLEJOV
|c Jozef Čuchran, Marián Kučera, Matúš Franta
|
| 246 |
3 |
|
|a TRIBOTECHNICAL DIAGNOSTIC METHODS FOR EVALUATION OF USER MOTOR OILS
|
| 700 |
1 |
|
|a Kučera, Marián,
|d 1974-
|4 aut
|9 196409
|
| 700 |
1 |
|
|a Franta, Matúš
|4 aut
|9 819915
|
| 773 |
0 |
|
|t Acta Facultatis technicae Zvolen : vedecký časopis Fakulty environmentálnej a výrobnej techniky
|g Roč. 16, č. 1 (2011), s. 17-25
|
| 954 |
|
|
|a odborná, vedecká literatúra pôvodná (slovenská)
|2 lita
|
| 958 |
|
|
|a OND
|
| 958 |
|
|
|a EUIPO
|
| 958 |
|
|
|a article13
|
| 999 |
|
|
|c 2002165
|d 2004095
|